000
00212 a2200097 4500
001
39779
100
_a
Basavarajuah
245
_a
Strength of materials
260
_a
New Delhi
_b
CBS
_c
1991
090
_c
24786
_d
24786
942
_a
NUST-CAE
_c
M
_c
16431
999
_c
274852
_d
274852